Online Catalogue and eLibrary

Vargika deshapalanamaya arbuuda viyavarthanaya (Record no. 5214)

MARC details
000 -LEADER
fixed length control field 00443nam a2200157Ia 4500
005 - DATE AND TIME OF LATEST TRANSACTION
control field 20250528040158.0
008 - FIXED-LENGTH DATA ELEMENTS--GENERAL INFORMATION
fixed length control field 240331s9999 xx 000 0 und d
020 ## - INTERNATIONAL STANDARD BOOK NUMBER
ISBN 9789551266592
082 ## - DDC Classification
Item Number - Author Mark AUS
Class No. 303
100 ## - MAIN ENTRY--PERSONAL NAME
Personal name Austin,A
245 #0 - TITLE STATEMENT
Title Vargika deshapalanamaya arbuuda viyavarthanaya
260 ## - PUBLICATION, DISTRIBUTION, ETC.
Place of publication, distribution, etc. Colombo
Name of publisher, distributor, etc. Vijitha yapa Publications
Date of publication, distribution, etc. 2007
300 ## - PHYSICAL DESCRIPTION
Extent (e.g. Volumes, Pages etc.) 605 p.,
500 ## - GENERAL NOTE
General note the transformation of the ethnic political crisis
942 ## - Koha item type (Biblio)
Koha item type Books in Stacks (Lending)
Holdings
Lost status Damaged status Collection code Home library Current library Shelving location Date acquired Full call number Accession Number Item type
    Lending WERC Library WERC Library Social Science Cupboard 03/31/2024 303.6 AUS 6033 Books in Stacks (Lending)

© WERC Library